书目信息 |
| 题名: |
股权裂变
|
|
| 作者: | 王永红 著 | |
| 分册: | ||
| 出版信息: | 北京 中国商业出版社 2020.1 |
|
| 页数: | 219页 | |
| 开本: | 24cm | |
| 丛书名: | ||
| 单 册: | ||
| 中图分类: | F279.21 | |
| 科图分类: | ||
| 主题词: | 股权管理--gu quan guan li--研究--中国 | |
| 电子资源: | ||
| ISBN: | 978-7-5208-1094-4 | |
| 000 | 01034nam0 2200241 450 | |
| 001 | 2159537762 | |
| 005 | 20211011172912.0 | |
| 010 | @a978-7-5208-1094-4@dCNY48.00 | |
| 100 | @a20200623d2020 em y0chiy0120 ea | |
| 101 | 0 | @achi |
| 102 | @aCN@b110000 | |
| 105 | @aa z 000yy | |
| 106 | @ar | |
| 200 | 1 | @a股权裂变@Agu quan lie bian@e合伙人时代下的股权裂变法则@f王永红著 |
| 210 | @a北京@c中国商业出版社@d2020.1 | |
| 215 | @a219页@c图@d24cm | |
| 330 | @a本书共10章,内容包括:股权裂变的前奏;股权裂变的底层基础;控制权:股权裂变稳态实现的根基;股权激励:点燃个体能量,裂变从内部发动;股权估值:评估企业股权裂变的量级;股权众筹:迅速扩展裂变外围;股权融资:无限延伸裂变纵深;股权投资:战略性布局,增强裂变核心力;股权收购:网罗可裂变的一切资源;股权上市与红筹架构。 | |
| 517 | 1 | @a合伙人时代下的股权裂变法则@Ahe huo ren shi dai xia de gu quan lie bian fa ze |
| 606 | 0 | @a股权管理@Agu quan guan li@x研究@y中国 |
| 690 | @aF279.21@v5 | |
| 701 | 0 | @a王永红@Awang yong hong@4著 |
| 801 | 0 | @aCN@b百万庄@c20211009 |
| 905 | @b1308380-83@dF279.21@e1822@f4 | |
| 股权裂变:合伙人时代下的股权裂变法则/王永红著.-北京:中国商业出版社,2020.1 |
| 219页:图;24cm |
| ISBN 978-7-5208-1094-4:CNY48.00 |
| 本书共10章,内容包括:股权裂变的前奏;股权裂变的底层基础;控制权:股权裂变稳态实现的根基;股权激励:点燃个体能量,裂变从内部发动;股权估值:评估企业股权裂变的量级;股权众筹:迅速扩展裂变外围;股权融资:无限延伸裂变纵深;股权投资:战略性布局,增强裂变核心力;股权收购:网罗可裂变的一切资源;股权上市与红筹架构。 |
| ● |
| 相关链接 |
|
|
|
|
正题名:股权裂变
索取号:F279.21/1822
 
预约/预借
| 序号 | 登录号 | 条形码 | 馆藏地/架位号 | 状态 | 备注 |
| 1 | 1308380 | 213083802 | 第一样本阅览室/ [索取号:F279.21/1822] | 在馆 | |
| 2 | 1308381 | 213083811 | 第一借阅区/ [索取号:F279.21/1822] | 在馆 | |
| 3 | 1308382 | 213083820 | 第一借阅区/ [索取号:F279.21/1822] | 在馆 | |
| 4 | 1308383 | 213083839 | 第一借阅区/ [索取号:F279.21/1822] | 在馆 |